000 00877cam a2200301Ma 4500
001 ocn757495210
003 OCoLC
005 20140930160610.0
008 101115t20112012onca 001 0 eng d
016 _a20109072588
020 _a9780137013371 (v. 1)
020 _a013701337X (v. 1)
020 _a9780137013364 (v. 2)
020 _a0137013361 (v. 2)
035 _a(OCoLC)757495210
040 _aTOH
_beng
_cTOH
050 0 _aHF 5636
_b.L6 2012
100 1 _aLo, Kin,
_d1970-
245 1 0 _aIntermediate accounting /
_cKin Lo, George Fisher.
260 _aU.S.A. :
_bPearson Canada Inc.,
_cc2012.
300 _a2 volume :
_bcolor illustrations ;
_c29 cm.
500 _aIncludes index.
505 0 _aV. 1. Chapters 1-10 -- v. 2. Chapters 11-19.
521 _aAccountancy
650 0 _aAccounting.
700 1 _aFisher, George,
_d1957-
942 _2lcc
_cBK
_kFOR
999 _c275972
_d275972